| 000 | 00331nam a2200109Ia 4500 | ||
|---|---|---|---|
| 008 | 230907s9999||||xx |||||||||||||| ||und|| | ||
| 082 |
_a338.82 _bMON |
||
| 245 | 0 | _aMonopoly and competition policy / | |
| 260 |
_aE. Elgar, _bAldershot, Hants, England ; | Brookfield, Vt., USA : _c1993 |
||
| 300 | _a2 v. : various pages. | ||
| 942 | _cBK | ||
| 999 |
_c598338 _d598338 |
||